000 00319nam a2200133Ia 4500
008 230523s9999 xx 000 0 und d
100 _aPandey, P.K.
245 0 _aIntroduction to Internet of Things and its Applications
260 _aAllahabad
260 _bT. Balaji
260 _c2021
300 _a424
942 _cRB
999 _c2073
_d2073